Engineering circuit analysis (Record no. 138874)

000 -LEADER
fixed length control field 00250nmm a2200097Ia 4500
008 - FIXED-LENGTH DATA ELEMENTS--GENERAL INFORMATION
fixed length control field 220120s9999||||xx |||||||||||||||||und||
082 ## - DEWEY DECIMAL CLASSIFICATION NUMBER
Classification number 621.381 5 HAY
100 ## - MAIN ENTRY--PERSONAL NAME
Personal name Hayt, William H and et. al.
245 #0 - TITLE STATEMENT
Title Engineering circuit analysis
260 ## - PUBLICATION, DISTRIBUTION, ETC.
Date of publication, distribution, etc. 2002
Holdings
Withdrawn status Lost status Damaged status Not for loan Home library Current library Date acquired Barcode Date last seen Price effective from Koha item type
        Central Library Central Library 01/20/2022 CD425 01/20/2022 01/20/2022 Compact Disc

Powered by Koha